| 000 | 00652nam a2200265Ia 4500 | ||
|---|---|---|---|
| 005 | 20260121171015.0 | ||
| 008 | 008 260114s9999 xx 000 0 eng d | ||
| 020 | _a9783030051921 | ||
| 037 | _aEBOOK | ||
| 040 | _aCRL | ||
| 040 | _beng | ||
| 040 | _cCRL | ||
| 041 | _2eng | ||
| 041 | _aeng | ||
| 084 | _qCRL | ||
| 100 |
_aShinasi A. Rama _91070871 |
||
| 245 | 0 | _aNation Failure, Ethnic Elites, and Balance of Power | |
| 260 | _bSpringer | ||
| 260 | _bSpringer | ||
| 260 | _c2019 | ||
| 856 | _uhttps://link.springer.com/openurl?genre=book&isbn=978-3-030-05192-1 | ||
| 942 | _cEBOOK | ||
| 999 |
_c1636601 _d1636601 |
||